<A> vgmk-tól az aluljáró-kereskedelemig. A második gazdaság az átmenet sodrában.
Vznik trhového hospodárstva v Maďarsku, ešte za systému socialistického hospodárstva. Tzv. druhotné hospodárstvo - jeho plusy i mínusy. Nevyhnutná zmena v oblasti "nelegálneho obchodu" (tzv. podchodového), zamedzenie úniku daní. Štatistické údaje o maďarskom hospodárstve a obchode: počet podnikov, i...
Guardado en:
| Autor principal: | |
|---|---|
| Formato: | Capítulo de libro |
| Lenguaje: | húngaro |
| Materias: | |
| Etiquetas: |
Sin Etiquetas, Sea el primero en etiquetar este registro!
|
MARC
| LEADER | 00000naa a2200000 4500 | ||
|---|---|---|---|
| 001 | r009807 | ||
| 005 | 20221125113814.6 | ||
| 041 | 0 | |a hun | |
| 044 | |a HU | ||
| 245 | 1 | 0 | |a <A> vgmk-tól az aluljáró-kereskedelemig. A második gazdaság az átmenet sodrában. |c I. Ékes |
| 520 | |a Vznik trhového hospodárstva v Maďarsku, ešte za systému socialistického hospodárstva. Tzv. druhotné hospodárstvo - jeho plusy i mínusy. Nevyhnutná zmena v oblasti "nelegálneho obchodu" (tzv. podchodového), zamedzenie úniku daní. Štatistické údaje o maďarskom hospodárstve a obchode: počet podnikov, ich zamestnanci, delenie podľa rezortov. Perspektívy alternatívneho hospodárstva. | ||
| 610 | 2 | 0 | |a ekonomika tieňová |
| 610 | 2 | 0 | |a MR |
| 610 | 2 | 0 | |a hospodárstvo trhové |
| 610 | 2 | 0 | |a podnikanie súkromné |
| 610 | 2 | 0 | |a údaje štatistické |
| 100 | 1 | |a Ékes, I. | |